| 000 | 00491nam a2200205Ia 4500 | ||
|---|---|---|---|
| 008 | 170918s9999 xx 000 0 und d | ||
| 020 | _a9780545245036 | ||
| 050 | _bW678 2011 | ||
| 100 | _aWilhelm, Hans | ||
| 245 | _aI love rainy days! / | ||
| 245 | _cby Hans Wilhelm. | ||
| 260 | _aNew York : | ||
| 260 | _bScholastic, | ||
| 260 | _c2011 | ||
| 300 | _aunpaged : | ||
| 300 | _bcolored illustration ; | ||
| 300 | _c23cm. | ||
| 300 | _eScholastic reader level 1. | ||
| 500 | _a40 | ||
| 999 |
_c343185 _d343185 |
||